Greed : (Record no. 329119)

000 -LEADER
fixed length control field 00975cam a2200253 a 4500
001 - CONTROL NUMBER
control field 14631718
003 - CONTROL NUMBER IDENTIFIER
control field Nust
005 - DATE AND TIME OF LATEST TRANSACTION
control field 20170424151514.0
008 - FIXED-LENGTH DATA ELEMENTS--GENERAL INFORMATION
fixed length control field 061113s2007 nyu 000 0 eng
010 ## - LIBRARY OF CONGRESS CONTROL NUMBER
LC control number 2006037816
020 ## - INTERNATIONAL STANDARD BOOK NUMBER
International Standard Book Number 9781583227572 (alk. paper)
040 ## - CATALOGING SOURCE
Original cataloging agency DLC
Transcribing agency DLC
Modifying agency DLC
041 1# - LANGUAGE CODE
Language code of text/sound track or separate title eng
Language code of original ger
050 00 - LIBRARY OF CONGRESS CALL NUMBER
Classification number PT2670.E46
Item number G5413 2007
082 00 - DEWEY DECIMAL CLASSIFICATION NUMBER
Classification number 833.914 JEL
Edition number 22
100 1# - MAIN ENTRY--PERSONAL NAME
Personal name Jelinek, Elfriede,
Dates associated with a name 1946-
240 10 - UNIFORM TITLE
Uniform title Gier.
Language of a work English
245 10 - TITLE STATEMENT
Title Greed :
Remainder of title a novel /
Statement of responsibility, etc. Elfriede Jelinek ; translated by Martin Chalmers.
250 ## - EDITION STATEMENT
Edition statement 1st Seven Stories Press ed.
260 ## - PUBLICATION, DISTRIBUTION, ETC.
Place of publication, distribution, etc. New York :
Name of publisher, distributor, etc. Seven Stories Press,
Date of publication, distribution, etc. 2007.
300 ## - PHYSICAL DESCRIPTION
Extent 330 p. ;
Dimensions 21 cm.
700 1# - ADDED ENTRY--PERSONAL NAME
Personal name Chalmers, Martin.
906 ## - LOCAL DATA ELEMENT F, LDF (RLIN)
a 7
b cbc
c orignew
d 1
e ecip
f 20
g y-gencatlg
942 ## - ADDED ENTRY ELEMENTS (KOHA)
Source of classification or shelving scheme
Koha item type Book
Holdings
Withdrawn status Lost status Source of classification or shelving scheme Damaged status Not for loan Permanent Location Current Location Date acquired Total Checkouts Full call number Barcode Date last seen Price effective from Koha item type
          School of Civil and Environmental Engineering (SCEE) School of Civil and Environmental Engineering (SCEE) 04/24/2017   833.914 JEL NIT-8468 04/24/2017 04/24/2017 Book
© 2023 Central Library, National University of Sciences and Technology. All Rights Reserved.